000 00536nam a2200205Ia 4500
008 240510s9999 xx 000 0 und d
020 _a0000201729997
041 _aEng
082 _a005.118
082 _bS18
100 _aSAVITCH W.
245 0 _aVISUAL C++6.0 :COMPANION TO PROBLEM SOLVING WITH C++ THE OBJECT OF PROGRAMMING :( With CD)
250 _a3rd ed.
260 _bNEW YORK : ADDISION WESLEY
260 _c2000
300 _a51 p.
650 _aOBJECT ORIENTED PROGRAMMING : C++
942 _2ddc
942 _cLBK
999 _c25035
_d25035
945 _a1
_bMadushi Gamage
_c1
_dMadushi Gamage